000
00279nam a22001217a 4500
003
SGT
082
_a
616.0757
_b
C08C
100
_a
CHOCKALINAGAM, V
245
_a
CARDIC RADIOLOGY SERIES CARDIAC X-RAY
260
_a
INDIA
_b
ELSEVIER PUB
_c
2008
300
_a
172
942
_2
ddc
_c
BK
999
_c
14908
_d
14908